LEADER 02773nam 2200445 450 001 9910424608603321 005 20230329172030.0 035 $a(CKB)2560000000363557 035 $a(oapen)https://directory.doabooks.org/handle/20.500.12854/56950 035 $a(NjHacI)992560000000363557 035 $a(EXLCZ)992560000000363557 100 $a20230329d2014 uy 0 101 0 $aita 135 $aurmn|---annan 181 $ctxt$2rdacontent 182 $cc$2rdamedia 183 $acr$2rdacarrier 200 10$aPrevenzione del mal di schiena di origine meccanica con attivita? motoria e comportamentale $eApprofondimenti di patomeccanica e biomeccanica rachidea /$fElena Martinelli 210 1$aFirenze, Italy :$cFirenze University Press,$d[2014] 210 4$d©2014 215 $a1 electronic resource (194 p.) 225 1 $aManuali ? Biomedica 311 $a88-6655-654-8 320 $aIncludes bibliographical references. 327 $aIl dolore rachideo -- Approccio biomeccanico allo studio del rachide -- Cenni di biomeccanica strutturale e cinematica rachidea -- Biomeccanica dei costituenti rachidei -- Patomeccanica dei costituenti rachidei -- Valter Parodi -- Sintomatologia del BP meccanicofunzionale -- Postura e dolore -- Prevenzione del BP di origine meccanica -- Tiziano Balloni Nicola Palestini -- Orientamenti per la scelta delle esercitazioni -- Riequilibrio posturale ed esercizi antalgici -- Bibliografia -- Copertina posteriore -- Copyright. 330 $aThis volume aims at becoming a basic scientific text; by studying the biomechanics of a healthy spine and carrying out a morpho-functional examination of the subject, the possible risks of mechanical damage causing back pain (BP) are analysed, and the preventive and compensatory motor activities for BP are shown in the context of daily life and work activities. The text is up to date on methodological notions and criteria, in particular on the C.A.MO.® method. It offers a broad general cultural platform, and largely fulfils the information requests of fundamental sectors, such as orthopaedics, sports medicine, physiotherapy, kinesiology, sports preparation, work ergonomics. 410 0$aManuali biomedica. 517 $aPrevenzione del mal di schiena di origine meccanica con attività motoria e comportamentale 606 $aBackache$xPrevention 606 $aSpine$xPathophysiology 615 0$aBackache$xPrevention. 615 0$aSpine$xPathophysiology. 676 $a617.564 700 $aMartinelli$b Elena$0841297 801 0$bNjHacI 801 1$bNjHacl 906 $aBOOK 912 $a9910424608603321 996 $aPrevenzione del mal di schiena di origine meccanica con attivita? motoria e comportamentale$93086540 997 $aUNINA LEADER 05846nam 22006015 450 001 9910865269403321 005 20260302090508.0 010 $a9783031474170$b(electronic bk.) 010 $z9783031474163 024 7 $a10.1007/978-3-031-47417-0 035 $a(MiAaPQ)EBC31360927 035 $a(Au-PeEL)EBL31360927 035 $a(CKB)32213127000041 035 $a(DE-He213)978-3-031-47417-0 035 $a(EXLCZ)9932213127000041 100 $a20240601d2024 u| 0 101 0 $aeng 135 $aurcnu|||||||| 181 $ctxt$2rdacontent 182 $cc$2rdamedia 183 $acr$2rdacarrier 200 10$a2021-2022 MATRIX Annals /$fedited by David R. Wood, Jan de Gier, Cheryl E. Praeger 205 $a1st ed. 2024. 210 1$aCham :$cSpringer Nature Switzerland :$cImprint: Springer,$d2024. 215 $a1 online resource (905 pages) 225 1 $aMATRIX Book Series,$x2523-305X ;$v5 311 08$aPrint version: Wood, David R. 2021-2022 MATRIX Annals Cham : Springer,c2024 9783031474163 327 $aRefereed Articles -- MATRIX--MFO Tandem Workshop: Invariants and Structures in Low-Dimensional Topology -- A new family of minimal ideal triangulations of cusped hyperbolic 3--manifolds -- MATRIX Program: Groups and Geometries one complex dimensional moduli spaces of hyperbolic manifolds and orbifolds: Kleinian groups and the generalised Riley slices -- MATRIX Program: Quantum Curves, Integrability and Cluster Algebras -- First properties of supermanifolds, their functor of points and the DeWitt topology -- MATRIX Program: 2D Supersymmetric Theories and Related Topics -- On Super Non-Abelian T-Duality of Symmetric and Semi-Symmetric Coset Sigma Models -- On Twisted Elliptic General Minkowski and (A)dS ground states in general 2d dilaton gravity' -- $2d$ Sigma Models and Geometry -- MATRIX Program: Structural Graph Theory Downunder II -- Product Structure of Graph Classes with Bounded Treewidth -- Notes on Aharoni's rainbow cycle conjecture -- Marc Distel, David R. Wood\newline ``Tree-Partitions with Bounded Degree Trees -- Treewidth, Circle Graphs and Circular Drawings -- MATRIX Program: Hyperbolic Differential Equations in Geometry and Physics -- Bulk-boundary correspondences and unique continuation in asymptotically Anti-de Sitter spacetimes -- Propagation of Singularities for the Wave Equation -- MATRIX Program: Mathematics of Tissue Dynamics -- Multiphase models for moving boundary problems in biology -- MATRIX Program: Mathematics of Risk 2022 -- Asian Option Pricing via Laguerre Quadrature: A Diffusion Kernel Approach -- On Dupire Formula and Diffusion with Given Marginals -- Multi-Factor Polynomial Diffusion Models and Inter-Temporal Futures Dynamics -- On Autoregressive Measurement Errors in a Two-Factor Model -- On extension of the Markov chain approximation method for computing Feynman?Kac type expectations -- On ruin probabilities in a Sparre Andersen type model in the presence of risky investments and random switching -- On some asymptotic expansions of skew diffusions -- Fractional Growth Portfolio Investment -- Lévy bandits under Poissonian decision times -- Entrance laws for continuous-state nonlinear branching processes coming down from infinity -- The matrix sequential probability ratio test and multivariate ruin theory -- Bayesian Parameter Estimation for Poisson AR Model -- Nonparametric {B}ayesian inference for stochastic processes with piecewise constant priors -- Quickest Changepoint Detection in General Multistream Stochastic Models: Recent Results, Applications and Future Challenges -- MATRIX Program: Mathematics of the Interactions between Brain Structure and Brain Functions -- Mathematical Foundations for Measurement of Communication Efficiency in the Human Brain -- k-Means clustering in EEG (brain waves) timeseries -- IBS-CGP & MATRIX Workshop: Symplectic Topology -- Analysis of pseudoholomorphic curves on symplectization: Revisit via contact instantons -- High-jet Relations of the Heat Kernel: Embedding Map and Applications -- Other ContributedArticles.-MATRIX-MFO Tandem Workshop: Invariants and Structures in Low-Dimensional Topology -- Pachner's Theorem -- MATRIX Program: 2D Supersymmetric Theories and Related Topics -- Vacuum Structures Revisited -- MATRIX Program: Theory and Applications of Stable Polynomials -- A large class of conjecturally stable chromatic symmetric functions -- A problem about virtual polytopes -- A conjecture on spectral sparsification with respect to hyperbolicity cones -- Topological Narayana polynomials and interlacing conjectures. 330 $aMATRIX is Australia?s international and residential mathematical research institute. It facilitates new collaborations and mathematical advances through intensive residential research programs, each 1-2 weeks in duration. This book is a scientific record of the 24 programs held at MATRIX in 2021-2022, including tandem workshops with Mathematisches Forschungsinstitut Oberwolfach (MFO), with Research Institute for Mathematical Sciences Kyoto University (RIMS), and with Sydney Mathematical Research Institute (SMRI). 410 0$aMATRIX Book Series,$x2523-305X ;$v5 606 $aMathematics 606 $aStatistics 606 $aMathematics 606 $aStatistics 606 $aEstadística$2thub 606 $aMatemàtica$2thub 608 $aLlibres electrònics$2thub 615 0$aMathematics. 615 0$aStatistics. 615 14$aMathematics. 615 24$aStatistics. 615 7$aEstadística 615 7$aMatemàtica. 676 $a510 702 $aWood$b David R. 702 $aGier$b Jan de 702 $aPraeger$b Cheryl E. 801 0$bMiAaPQ 801 1$bMiAaPQ 801 2$bMiAaPQ 912 $a9910865269403321 996 $a2021-2022 MATRIX Annals$94259657 997 $aUNINA